[Event "BADIJ    BAGIJ    I"]
[Site "SchemingMind.com"]
[Date "2017.12.21"]
[Round "-"]
[White "Scooter"]
[Black "JAHI"]
[Result "0-1"]
[WhiteCountry "USA"]
[BlackCountry "INT"]
[WhiteElo "1671"]
[WhiteRD "51"]
[BlackElo "2184"]
[BlackRD "73"]
[GameID "422221"]

1. d4 h6 2. Nf3 g6 3. Bf4 Bg7 4. e3 e6 5. Nbd2 Ne7 6. Bd3 d6 7. O-O Nd7 8. c3 e5 9. dxe5 dxe5 10. Bg3 Nf5
11. Bxf5 gxf5 12. Nc4 Qe7 13. Qd5 Nb6 14. Nxb6 axb6 15. b4 c6 16. Qd2 Qc7 17. Rad1 f6 18. Qc2 Qf7 19. a4 Be6 20. Rb1 Qh5
21. h3 Bd5 22. Nh4 Be4
0-1

[Event "BADIJ    BAGIJ    I"]
[Site "SchemingMind.com"]
[Date "2017.12.21"]
[Round "-"]
[White "JAHI"]
[Black "Scooter"]
[Result "1-0"]
[WhiteCountry "INT"]
[BlackCountry "USA"]
[WhiteElo "2184"]
[WhiteRD "73"]
[BlackElo "1671"]
[BlackRD "51"]
[GameID "422222"]

1. a3 Nf6 2. b3 g6 3. Bb2 Bg7 4. Bxf6 Bxf6 5. Nc3 O-O 6. e3 Nc6 7. Nf3 d6 8. Bc4 Bg4 9. h3 Bxf3 10. Qxf3 Bxc3
11. dxc3 Ne5 12. Qxb7 Nxc4 13. bxc4 c5 14. a4 Qb6 15. Qxe7 Qb2 16. Kd2 Qb8 17. Rhd1 Qd8 18. Qxd8 Raxd8 19. Rab1 Rd7 20. a5 a6
21. Rb6 Ra8 22. Ke2 Kf8 23. Rbxd6 Rxd6 24. Rxd6 Ke7 25. Rb6 Ra7 26. e4 Kd7 27. e5
1-0

[Event "BADIJ    BAGIJ    I"]
[Site "SchemingMind.com"]
[Date "2018.01.05"]
[Round "-"]
[White "Scooter"]
[Black "TheHornedReaper "]
[Result "1-0"]
[WhiteCountry "USA"]
[BlackCountry "ROU"]
[WhiteElo "1728"]
[WhiteRD "52"]
[BlackElo "1246"]
[BlackRD "49"]
[GameID "422888"]

1. d4 d5 2. Nf3 Nf6 3. Bf4 c5 4. e3 Nc6 5. Bb5 cxd4 6. Nxd4 Bd7 7. Bxc6 Bxc6 8. O-O e6 9. Nd2 Be7 10. c3 O-O
11. h3 Qb6 12. Qb3 Qxb3 13. N2xb3 Bd7 14. Rfd1 Rac8 15. Bg5 h6 16. Bxf6 Bxf6 17. Na5
1-0

[Event "BADIJ    BAGIJ    I"]
[Site "SchemingMind.com"]
[Date "2018.01.05"]
[Round "-"]
[White "TheHornedReaper "]
[Black "Scooter"]
[Result "0-1"]
[WhiteCountry "ROU"]
[BlackCountry "USA"]
[WhiteElo "1246"]
[WhiteRD "49"]
[BlackElo "1728"]
[BlackRD "52"]
[GameID "422889"]

1. e4 c6 2. d4 d5 3. e5 Bf5 4. Nf3 e6 5. Be2 Nd7 6. O-O c5 7. c3 cxd4 8. cxd4 Bb4 9. Nc3 Ne7 10. a3 Bxc3
11. bxc3 O-O 12. Bd3 Bxd3 13. Qxd3 Nc6 14. Be3 Nb6 15. Rab1 Na5 16. Nd2 Rb8 17. Nb3 Nxb3
0-1

[Event "BADIJ    BAGIJ    I"]
[Site "SchemingMind.com"]
[Date "2018.01.05"]
[Round "-"]
[White "JAHI"]
[Black "TheHornedReaper "]
[Result "1-0"]
[WhiteCountry "INT"]
[BlackCountry "ROU"]
[WhiteElo "2135"]
[WhiteRD "71"]
[BlackElo "1246"]
[BlackRD "49"]
[GameID "422890"]

1. b3 d5 2. Bb2 Nc6 3. c3 e5 4. c4 dxc4 5. bxc4 Bc5 6. e3 Nf6 7. Nf3 Bg4 8. Nc3 e4 9. h3 exf3 10. hxg4 fxg2
11. Bxg2
1-0

[Event "BADIJ    BAGIJ    I"]
[Site "SchemingMind.com"]
[Date "2018.01.05"]
[Round "-"]
[White "TheHornedReaper "]
[Black "JAHI"]
[Result "0-1"]
[WhiteCountry "ROU"]
[BlackCountry "INT"]
[WhiteElo "1246"]
[WhiteRD "49"]
[BlackElo "2135"]
[BlackRD "71"]
[GameID "422891"]

1. e4 d6 2. d4 d5 3. e5 f6 4. Nf3 fxe5 5. Nxe5 Nf6 6. Bg5 g6 7. Nc3 Bg7 8. Bd3 Nc6 9. Ne2 Nxe5 10. dxe5 Ng4
11. O-O Nxe5 12. c3 c6
0-1

[Event "BADIJ    BAGIJ    I"]
[Site "SchemingMind.com"]
[Date "2018.01.21"]
[Round "-"]
[White "Scooter"]
[Black "Transcendent"]
[Result "1-0"]
[WhiteCountry "USA"]
[BlackCountry "ENG"]
[WhiteElo "1728"]
[WhiteRD "52"]
[BlackElo "1325"]
[BlackRD "58"]
[GameID "423683"]

1. d4 d5 2. Nf3 Nf6 3. Bf4 c5 4. c3 Qb6 5. Qb3 Nc6 6. Nbd2 c4 7. Qxb6 axb6 8. e3 Bf5 9. Be2 e6 10. O-O b5
11. Ne5 b4 12. Nxc6 bxc6 13. cxb4 Bxb4 14. Nb1 O-O 15. Nc3 Bxc3 16. bxc3 Ne4 17. Rfc1 Ra3 18. Kf1
1-0

[Event "BADIJ    BAGIJ    I"]
[Site "SchemingMind.com"]
[Date "2018.01.26"]
[Round "-"]
[White "Transcendent"]
[Black "Scooter"]
[Result "0-1"]
[WhiteCountry "ENG"]
[BlackCountry "USA"]
[WhiteElo "1325"]
[WhiteRD "58"]
[BlackElo "1728"]
[BlackRD "52"]
[GameID "423684"]

1. c4 Nf6 2. g3 g6 3. Bg2 Bg7 4. d4 O-O 5. Nc3 d6 6. Nf3 Re8 7. O-O Bg4 8. Nd2 c6 9. h3 Bd7 10. e4 e5
11. d5 cxd5 12. cxd5 a6 13. a4 a5 14. Nc4 Na6
0-1

[Event "BADIJ    BAGIJ    I"]
[Site "SchemingMind.com"]
[Date "2018.01.26"]
[Round "-"]
[White "Transcendent"]
[Black "JAHI"]
[Result "0-1"]
[WhiteCountry "ENG"]
[BlackCountry "INT"]
[WhiteElo "1325"]
[WhiteRD "58"]
[BlackElo "2135"]
[BlackRD "71"]
[GameID "423685"]

1. d4 c6 2. e4 c5 3. d5 e6 4. c4 exd5 5. cxd5 d6 6. Bb5+ Nd7 7. Nf3 Ne7 8. O-O Ng6 9. Nc3 a6 10. Bxd7+ Bxd7
11. a4 Be7 12. Re1 Qc7 13. Be3 Bf6
0-1

[Event "BADIJ    BAGIJ    I"]
[Site "SchemingMind.com"]
[Date "2018.01.26"]
[Round "-"]
[White "JAHI"]
[Black "Transcendent"]
[Result "1-0"]
[WhiteCountry "INT"]
[BlackCountry "ENG"]
[WhiteElo "2135"]
[WhiteRD "71"]
[BlackElo "1325"]
[BlackRD "58"]
[GameID "423686"]

1. b3 e5 2. Bb2 Nc6 3. d3 d5 4. d4 exd4 5. Bxd4 Nxd4 6. Qxd4 Nf6 7. e3 c5 8. Bb5+ Bd7 9. Bxd7+ Qxd7 10. Qd3 Be7
11. Ne2 O-O 12. Nd2 Rad8 13. Rd1 Qg4 14. Ng3
1-0

[Event "BADIJ    BAGIJ    I"]
[Site "SchemingMind.com"]
[Date "2018.02.15"]
[Round "-"]
[White "Timaeus"]
[Black "Scooter"]
[Result "0-1"]
[WhiteCountry "JPN"]
[BlackCountry "USA"]
[WhiteElo "1345"]
[WhiteRD "81"]
[BlackElo "1679"]
[BlackRD "56"]
[GameID "424794"]

1. d4 Nf6 2. Bf4 g6 3. e3 Bg7 4. Nf3 O-O 5. Bc4 d5 6. Bb3 e6 7. Nc3 a6 8. O-O Nbd7 9. Qd3 c5 10. dxc5 Nxc5
11. Qe2 Nxb3 12. axb3 b5 13. b4 Bb7 14. Rad1 Rc8 15. e4 Qb6 16. Nd4 Nxe4 17. Qd3 Bxd4 18. Qxd4 Qxd4 19. Rxd4 Nxc3 20. bxc3 Rxc3
21. Rd2 Rfc8 22. Rc1 R3c4 23. Bd6 f6 24. Bc5 a5 25. Rb1 axb4 26. Bxb4 Rxc2 27. Rdd1 d4 28. Kf1 R8c4 29. Bd2 Ba6 30. Ke1 Rc5
31. Bb4 Re5+ 32. Kf1 Ree2 33. Be1 b4 34. Bxb4 Rxf2+ 35. Ke1 Rce2#
0-1

[Event "BADIJ    BAGIJ    I"]
[Site "SchemingMind.com"]
[Date "2018.02.16"]
[Round "-"]
[White "Timaeus"]
[Black "JAHI"]
[Result "0-1"]
[WhiteCountry "JPN"]
[BlackCountry "INT"]
[WhiteElo "1482"]
[WhiteRD "74"]
[BlackElo "2135"]
[BlackRD "71"]
[GameID "424798"]

1. d4 c6 2. Bf4 c5 3. Nf3 cxd4 4. Nxd4 d6 5. e3 Nf6 6. Bd3 Nc6 7. c3 Rb8 8. b4 Bd7 9. b5 Ne5 10. Bxe5 dxe5
11. Nf5 e4 12. Bc4 Bxf5 13. Qxd8+ Rxd8 14. O-O e6 15. Na3 Bxa3 16. Rfd1 Rc8 17. Bb3 Rxc3 18. Rd2 Rc5 19. Rad1 Ke7 20. h3 Rxb5
21. g4 Bg6 22. Kg2 Ra5 23. Kg3 Rg5 24. Kf4 Rc5 25. f3 exf3 26. Kxf3 Be4+ 27. Ke2 Bc6 28. Rg1 Ne4 29. Rd4 Bb2 30. Rd3 Bb5
31. Kf3 Bxd3 32. Rd1 Ng5+ 33. Kf2 Rd8 34. Rd2 Ne4+
0-1

[Event "BADIJ    BAGIJ    I"]
[Site "SchemingMind.com"]
[Date "2018.02.16"]
[Round "-"]
[White "JAHI"]
[Black "Timaeus"]
[Result "1-0"]
[WhiteCountry "INT"]
[BlackCountry "JPN"]
[WhiteElo "2108"]
[WhiteRD "71"]
[BlackElo "1345"]
[BlackRD "81"]
[GameID "424799"]

1. b3 e5 2. Bb2 Nc6 3. d3 d6 4. d4 exd4 5. Bxd4 Nxd4 6. Qxd4 Nf6 7. Nf3 Bf5 8. Nbd2 Bxc2 9. Qc4 Bf5 10. Qb5+ Qd7
11. Qxb7 Qc8 12. Qxc8+ Rxc8 13. e3 Be7 14. Nd4 Bg6 15. Nc6 Ra8 16. Ba6 Bd8 17. Bb7 Bd3 18. Bxa8 Nd7 19. Rc1 O-O 20. Nxd8 Rxd8
21. Rxc7 g6 22. Bd5 a5 23. Nf3 Bf5 24. Ng5 Be6 25. Nxe6 fxe6 26. Bxe6+
1-0

[Event "BADIJ    BAGIJ    I"]
[Site "SchemingMind.com"]
[Date "2018.02.26"]
[Round "-"]
[White "Timaeus"]
[Black "Keithk"]
[Result "0-1"]
[WhiteCountry "JPN"]
[BlackCountry "ENG"]
[WhiteElo "1345"]
[WhiteRD "81"]
[BlackElo "2306"]
[BlackRD "75"]
[GameID "425216"]

1. d4 Nf6 2. Bf4 d5 3. e3 c5 4. Bxb8 Rxb8 5. dxc5 e6 6. b4 Bd7 7. Bd3 a5 8. a3 b6 9. cxb6 axb4 10. axb4 Bxb4+
11. c3 Bd6 12. Ra6 e5 13. Ne2 O-O 14. b7 Qc7 15. Nd2 Rxb7 16. O-O e4 17. Bc2 Bxh2+ 18. Kh1 Ng4 19. Bxe4 dxe4 20. Nxe4 Qe5
21. f3 Qh5 22. fxg4 Bxg4
0-1

[Event "BADIJ    BAGIJ    I"]
[Site "SchemingMind.com"]
[Date "2018.02.25"]
[Round "-"]
[White "Keithk"]
[Black "Timaeus"]
[Result "1-0"]
[WhiteCountry "ENG"]
[BlackCountry "JPN"]
[WhiteElo "2306"]
[WhiteRD "75"]
[BlackElo "1345"]
[BlackRD "81"]
[GameID "425217"]

1. e4 e5 2. Nf3 Nc6 3. Bb5 a6 4. Ba4 b5 5. Bb3 Bc5 6. c3 Nf6 7. d4 exd4 8. e5 Ne4 9. Bd5 Nxf2 10. Kxf2 dxc3+
11. Kg3 Bb7 12. Nxc3 Nxe5 13. Bxb7 Nxf3 14. Qxf3 Bd6+ 15. Kh3 Rb8 16. Re1+ Be7 17. Nd5 Rxb7 18. Rxe7+ Qxe7 19. Nxe7 Kxe7 20. Bg5+ f6
21. Re1+ Kf7 22. Bxf6 gxf6 23. Qh5+ Kf8 24. Re8+ Kg7 25. Re7+
1-0

[Event "BADIJ    BAGIJ    I"]
[Site "SchemingMind.com"]
[Date "2018.02.25"]
[Round "-"]
[White "Scooter"]
[Black "Keithk"]
[Result "0-1"]
[WhiteCountry "USA"]
[BlackCountry "ENG"]
[WhiteElo "1679"]
[WhiteRD "56"]
[BlackElo "2306"]
[BlackRD "75"]
[GameID "425218"]

1. d4 Nf6 2. Bf4 d5 3. Nf3 Bf5 4. e3 e6 5. Bd3 Bd6 6. Bxd6 Qxd6 7. c3 O-O 8. Bxf5 exf5 9. O-O g6 10. Nbd2 Nbd7
11. c4 c6 12. c5 Qc7 13. b4 a5 14. a3 b5 15. cxb6 Qxb6 16. bxa5 Rxa5 17. Nb3 Ra4 18. Qc2 Rfa8 19. Qb2 Ne4 20. Rfd1 f4
21. Nfd2 Nxd2 22. Rxd2 Rb8 23. Rd3 c5 24. dxc5 Nxc5
0-1

[Event "BADIJ    BAGIJ    I"]
[Site "SchemingMind.com"]
[Date "2018.02.25"]
[Round "-"]
[White "Keithk"]
[Black "Scooter"]
[Result "1-0"]
[WhiteCountry "ENG"]
[BlackCountry "USA"]
[WhiteElo "2306"]
[WhiteRD "75"]
[BlackElo "1679"]
[BlackRD "56"]
[GameID "425219"]

1. e4 c6 2. d4 d5 3. e5 Bf5 4. Nf3 e6 5. Be2 Nd7 6. O-O c5 7. c4 cxd4 8. Nxd4 Bxb1 9. cxd5 Bf5 10. Nxf5 exf5
11. d6 Bxd6 12. Qxd6 Ne7 13. Rd1
1-0

[Event "BADIJ    BAGIJ    I"]
[Site "SchemingMind.com"]
[Date "2018.02.27"]
[Round "-"]
[White "Transcendent"]
[Black "Keithk"]
[Result "0-1"]
[WhiteCountry "ENG"]
[BlackCountry "ENG"]
[WhiteElo "1325"]
[WhiteRD "58"]
[BlackElo "2405"]
[BlackRD "65"]
[GameID "425220"]

1. d4 Nf6 2. c4 e6 3. g3 d5 4. Nf3 Bb4+ 5. Bd2 Be7 6. Bg2 O-O 7. O-O c6 8. Qc2 b6 9. Rc1 Bb7 10. cxd5 cxd5
0-1

[Event "BADIJ    BAGIJ    I"]
[Site "SchemingMind.com"]
[Date "2018.02.27"]
[Round "-"]
[White "Keithk"]
[Black "Transcendent"]
[Result "1-0"]
[WhiteCountry "ENG"]
[BlackCountry "ENG"]
[WhiteElo "2405"]
[WhiteRD "65"]
[BlackElo "1325"]
[BlackRD "58"]
[GameID "425221"]

1. e4 e6 2. d4 d5 3. Nc3 Bb4 4. e5 c5 5. a3 Bxc3+ 6. bxc3 Ne7 7. Qg4 cxd4 8. Qxg7 Rg8 9. Qxh7 Qc7 10. Ne2 dxc3
11. f4
1-0

[Event "BADIJ    BAGIJ    I"]
[Site "SchemingMind.com"]
[Date "2018.02.25"]
[Round "-"]
[White "JAHI"]
[Black "Keithk"]
[Result "0-1"]
[WhiteCountry "INT"]
[BlackCountry "ENG"]
[WhiteElo "2108"]
[WhiteRD "71"]
[BlackElo "2306"]
[BlackRD "75"]
[GameID "425222"]

1. d3 d5 2. e3 e5 3. e4 dxe4 4. dxe4 Qxd1+ 5. Kxd1 Bc5 6. Be3 Bxe3 7. fxe3 Be6 8. Nf3 Nd7 9. Bd3 a5 10. Ke2 f6
11. a3 Nh6 12. Nc3 Nf7 13. Kf2 c6 14. Rhd1 Ke7 15. Ne1 b5 16. Be2 Nd6 17. Nd3 Rab8 18. Kf1 Rhc8 19. b3 b4 20. Nb1 Nxe4
21. axb4 axb4 22. Nd2 Nc3 23. Rdc1 e4 24. Nf2 f5 25. Ra5 Nb6 26. Rca1 Ra8 27. Rxa8 Rxa8 28. Rxa8 Nxa8 29. Nd1 Nxd1 30. Bxd1 Nb6
31. Be2 Nd5 32. Kf2 Nc3 33. Bc4 g5 34. g3 Bd5 35. Ba6 Kd6 36. Be2 Ke5 37. Bh5 g4 38. Nc4+ Bxc4 39. bxc4 Nb1 40. Bf7 Na3
41. Ke2 Nxc2 42. Kd2 Nxe3 43. Kxe3 Kf6 44. Bg8 c5 45. Bxh7 b3 46. Kd2 e3+ 47. Kc3 e2 48. Kxb3 e1=Q 49. Bg8 Ke5 50. Bd5 Kd4
51. Be4 fxe4 52. Kb2 Qc3+ 53. Ka2 Qc2+ 54. Ka1 Kc3 55. h3 Qb2#
0-1

[Event "BADIJ    BAGIJ    I"]
[Site "SchemingMind.com"]
[Date "2018.02.25"]
[Round "-"]
[White "Keithk"]
[Black "JAHI"]
[Result "1-0"]
[WhiteCountry "ENG"]
[BlackCountry "INT"]
[WhiteElo "2306"]
[WhiteRD "75"]
[BlackElo "2108"]
[BlackRD "71"]
[GameID "425223"]

1. e4 d6 2. d4 d5 3. exd5 Qxd5 4. Nc3 Qd8 5. Nf3 Nf6 6. Bc4 e6 7. O-O Bd6 8. Bg5 h6 9. Bh4 Nbd7 10. Qe2 Be7
11. Rfe1 c6 12. a4 a6 13. Ne5 Nxe5 14. dxe5 Nd7 15. Bg3 Qa5 16. Ne4 Qd8 17. Red1 a5 18. Rd3 Kf8 19. Rad1 Kg8 20. R1d2 b6
21. Qf3 Ra7 22. Nd6 Bxd6 23. Rxd6 Qe7 24. Qxc6 Kh7 25. Bb5 Rg8 26. f3 g6 27. Qc4 Kg7 28. Qd4 Nc5 29. Bh4 g5 30. Bf2 Qc7
31. h4 Kh7 32. hxg5 Ba6 33. Bxa6 Rxa6 34. gxh6 Raa8 35. Qf4 Raf8 36. Kf1 Rg6 37. Bxc5 Qxc5 38. Rd7 Kg8 39. h7+ Kg7 40. Rxf7+ Rxf7
41. Rd8 Qf8 42. Qxf7+ Kxf7 43. Rxf8+ Kxf8 44. h8=Q+ Kf7 45. Kf2 Rg7 46. g4 Rg6 47. f4 b5 48. f5 exf5 49. gxf5 Rc6 50. Qh7+ Ke8
51. e6 Rxc2+ 52. Ke3 bxa4 53. Qd7+ Kf8 54. Qf7#
1-0

[Event "BADIJ    BAGIJ    I"]
[Site "SchemingMind.com"]
[Date "2018.03.08"]
[Round "-"]
[White "Timaeus"]
[Black "Robert Hatfield"]
[Result "0-1"]
[WhiteCountry "JPN"]
[BlackCountry "USA"]
[WhiteElo "1482"]
[WhiteRD "74"]
[BlackElo "1835"]
[BlackRD "113"]
[GameID "425595"]

1. d4 Nf6 2. Bf4 g6 3. e3 Bg7 4. Nf3 O-O 5. Bc4 d5 6. Bb3 c5 7. c4 Nc6 8. Nc3 dxc4 9. Bxc4 cxd4 10. exd4 Bg4
11. d5 Bxf3 12. Qxf3 Nd4 13. Qd3 Nf5 14. O-O Rc8 15. Rfe1 Nd6 16. b3 Nd7 17. Re2 b5 18. Bxb5 Rxc3 19. Qxc3 Bxc3 20. Bxd6 exd6
21. Rc1 Ba5 22. a3 Ne5 23. h3 Qg5 24. Rec2 Nf3+ 25. Kf1 Nd4 26. Rc4 Nxb5 27. b4 Bd8 28. a4 Nc7 29. Rxc7 Bxc7 30. Rxc7 Qxd5
31. Kg1 Qd1+ 32. Kh2 Qxa4 33. Rc4 a5
0-1

[Event "BADIJ    BAGIJ    I"]
[Site "SchemingMind.com"]
[Date "2018.03.08"]
[Round "-"]
[White "Robert Hatfield"]
[Black "Timaeus"]
[Result "1-0"]
[WhiteCountry "USA"]
[BlackCountry "JPN"]
[WhiteElo "1835"]
[WhiteRD "113"]
[BlackElo "1482"]
[BlackRD "74"]
[GameID "425596"]

1. e4 e5 2. Nf3 Nf6 3. Nc3 Bc5 4. Bc4 O-O 5. O-O d6 6. d3 Nc6 7. Bg5 Bg4 8. Bxf6 Qxf6 9. Nd5 Qd8 10. c3 Ne7
11. Ne3 Bxe3 12. fxe3 Ng6 13. Qe1 Qe7 14. Qg3 Bxf3 15. Qxf3 h6 16. Qg3 Kh8 17. Bxf7 Rxf7 18. Qxg6 Raf8 19. Rxf7 Rxf7 20. Rf1 Rxf1+
21. Kxf1 Qf6+ 22. Qxf6 gxf6 23. Kf2 Kg7 24. Kg3 Kg6 25. Kg4 h5+ 26. Kh4 a5 27. g4 hxg4 28. Kxg4 c6 29. h4 d5 30. h5+ Kh6
31. exd5 cxd5 32. e4 d4 33. cxd4 exd4 34. a4 Kg7 35. Kf5 b6 36. b3 Kh6 37. Kxf6
1-0

[Event "BADIJ    BAGIJ    I"]
[Site "SchemingMind.com"]
[Date "2018.03.08"]
[Round "-"]
[White "Scooter"]
[Black "Robert Hatfield"]
[Result "0-1"]
[WhiteCountry "USA"]
[BlackCountry "USA"]
[WhiteElo "1679"]
[WhiteRD "56"]
[BlackElo "1837"]
[BlackRD "142"]
[GameID "425597"]

1. d4 Nf6 2. Nf3 g6 3. Bf4 Bg7 4. e3 O-O 5. Be2 d5 6. O-O c5 7. c3 Nc6 8. Nbd2 b6 9. Ne5 Bb7 10. Nxc6 Bxc6
11. Bf3 Rc8 12. dxc5 bxc5 13. Nb3 Ba8 14. h3 Ne4 15. Bxe4 dxe4 16. Qxd8 Rfxd8 17. Rfd1 c4 18. Rxd8+ Rxd8 19. Nd4 e5
0-1

[Event "BADIJ    BAGIJ    I"]
[Site "SchemingMind.com"]
[Date "2018.03.08"]
[Round "-"]
[White "Robert Hatfield"]
[Black "Scooter"]
[Result "1-0"]
[WhiteCountry "USA"]
[BlackCountry "USA"]
[WhiteElo "1837"]
[WhiteRD "142"]
[BlackElo "1679"]
[BlackRD "56"]
[GameID "425598"]

1. e4 c6 2. d4 d5 3. Nc3 dxe4 4. Nxe4 Bf5 5. Ng3 Bg6 6. Nf3 Nd7 7. Bc4 Ngf6 8. O-O e6 9. Qe2 Be7 10. Rd1 O-O
11. Nh4 Bd6 12. Nxg6 hxg6 13. Bg5 Qa5 14. Bd2 Qc7 15. Re1 Nd5 16. Rad1 Nf4 17. Qf3 Nf6 18. Ne4 Nxe4 19. Rxe4 Nh5 20. Rh4 Qe7
21. Qh3 Qc7 22. g4 Be7 23. gxh5 Bxh4 24. Qxh4 gxh5 25. Qxh5 Rfd8 26. Qg4 Qb6 27. Bh6 g6 28. Bxe6
1-0

[Event "BADIJ    BAGIJ    I"]
[Site "SchemingMind.com"]
[Date "2018.03.08"]
[Round "-"]
[White "JAHI"]
[Black "Robert Hatfield"]
[Result "1-0"]
[WhiteCountry "INT"]
[BlackCountry "USA"]
[WhiteElo "2108"]
[WhiteRD "71"]
[BlackElo "1837"]
[BlackRD "142"]
[GameID "425601"]

1. d3 e5 2. d4 exd4 3. Qxd4 Nf6 4. Nf3 d5 5. Bg5 Be7 6. Nc3 O-O 7. e3 c5 8. Qd2 Be6 9. Bxf6 Bxf6 10. Rd1 Nc6
11. Nxd5 Bxd5 12. Qxd5 Qb6 13. Bd3 Qxb2 14. Qb3 Ne5 15. Bxh7+ Kxh7 16. Ng5+ Kg8 17. Qxb2 Nf3+ 18. Nxf3 Bxb2 19. Ke2 b6 20. Rd7 Rfd8
21. Rhd1 Bf6 22. Rb7 Rxd1 23. Kxd1 Kf8 24. Ke2 c4 25. Nd2 Be7 26. Nxc4 Rc8 27. Ne5
1-0

[Event "BADIJ    BAGIJ    I"]
[Site "SchemingMind.com"]
[Date "2018.03.08"]
[Round "-"]
[White "Robert Hatfield"]
[Black "JAHI"]
[Result "0-1"]
[WhiteCountry "USA"]
[BlackCountry "INT"]
[WhiteElo "1835"]
[WhiteRD "113"]
[BlackElo "2135"]
[BlackRD "71"]
[GameID "425602"]

1. c4 d6 2. d4 d5 3. cxd5 Qxd5 4. Nc3 Qa5 5. e4 Nf6 6. Bd3 Nc6 7. Ne2 Bg4 8. f3 Bd7 9. Be3 e6 10. O-O e5
11. d5 Bc5 12. Bxc5 Qxc5+ 13. Kh1 Ne7 14. Qd2 c6 15. Rac1 Qd6 16. Rfd1 cxd5 17. exd5 Rd8 18. Nb5 Bxb5 19. Bxb5+ Kf8 20. Nc3 a6
21. Bc4 Kg8 22. Ne4 Nxe4 23. fxe4 h6 24. Be2 g6 25. Rc3 Kg7 26. Rdc1 Rc8 27. Bg4 Rxc3 28. Rxc3 Rf8 29. Bf3 Nc6 30. Qc1 Nd4
31. Bd1 Qf6 32. Bf3 Re8 33. h3 Qd6 34. Rc7 Re7 35. Rc8 Rd7 36. Qc5 Qxc5 37. Rxc5 Kf8 38. Kg1 Ke7 39. Kf2 Kd6 40. Rc3 Rd8
41. Ke3= Rf8 42. Rc1 a5 43. h4 h5 44. Bd1 f6 45. Rc3 f5 46. exf5 Nxf5+
0-1

[Event "BADIJ    BAGIJ    I"]
[Site "SchemingMind.com"]
[Date "2018.03.07"]
[Round "-"]
[White "Keithk"]
[Black "Robert Hatfield"]
[Result "1-0"]
[WhiteCountry "ENG"]
[BlackCountry "USA"]
[WhiteElo "2306"]
[WhiteRD "75"]
[BlackElo "1837"]
[BlackRD "142"]
[GameID "425605"]

1. e4 e6 2. d4 d5 3. Nc3 Bb4 4. e5 c5 5. a3 Bxc3+ 6. bxc3 Ne7 7. Qg4 O-O 8. Bd3 f5 9. exf6 Rxf6 10. Bg5 Rf7
11. Qh5 g6 12. Qd1 Qa5 13. Bd2 Nbc6 14. Nf3 Qc7 15. dxc5 e5 16. Ng5 Rf8 17. c4 e4 18. cxd5 exd3 19. d6 Qd7 20. dxe7 Qxe7+
21. Be3 Rf5 22. Nf3 Be6 23. O-O Bd5 24. Ne1 Rh5 25. cxd3 Qh4 26. h3 Rf8 27. Qg4 Qf6 28. Rd1 Ne5 29. Qg3 Qa6 30. d4 Nc4
31. Nd3 Qxa3 32. Nf4 Rhf5 33. Ra1 Qc3 34. Rfc1
1-0

[Event "BADIJ    BAGIJ    I"]
[Site "SchemingMind.com"]
[Date "2018.03.07"]
[Round "-"]
[White "Robert Hatfield"]
[Black "Keithk"]
[Result "0-1"]
[WhiteCountry "USA"]
[BlackCountry "ENG"]
[WhiteElo "1837"]
[WhiteRD "142"]
[BlackElo "2306"]
[BlackRD "75"]
[GameID "425606"]

1. c4 Nf6 2. d4 e6 3. Nc3 Bb4 4. a3 Bxc3+ 5. bxc3 c5 6. Nf3 O-O 7. Qc2 Nc6 8. e4 d5 9. e5 Ne4 10. cxd5 exd5
11. Bd3 cxd4 12. cxd4 Bg4 13. Bb2 Bxf3 14. gxf3 Ng5 15. Qe2 Ne6 16. O-O-O b5 17. Bxb5 Na5 18. Kb1 Qb6 19. Bd3 Nf4 20. Qd2 Nxd3
0-1

[Event "BADIJ    BAGIJ    I"]
[Site "SchemingMind.com"]
[Date "2018.03.09"]
[Round "-"]
[White "grabapawn"]
[Black "Timaeus"]
[Result "1/2-1/2"]
[WhiteCountry "USA"]
[BlackCountry "JPN"]
[WhiteElo "1528"]
[WhiteRD "56"]
[BlackElo "1482"]
[BlackRD "74"]
[GameID "425643"]

1. d4 d5 2. Bf4 e6 3. Nf3 Bd6 4. Bg3 Nf6 5. e3 O-O 6. c3 Bxg3 7. hxg3 Nbd7 8. Bd3 b6 9. Ne5 Bb7 10. Bxh7+ Nxh7
11. Qh5 Ndf6 12. Qh3 g6 13. g4 Kg7 14. g5 Nh5 15. f4 Rh8 16. g4 Nxg5 17. fxg5 Ng3 18. Qxh8+ Qxh8 19. Rxh8 Rxh8 20. Kf2 Ne4+
21. Kg2 Nxg5 22. Nd2 c5 23. Rf1 f6 24. Nd7 f5 25. gxf5 exf5 26. Nf3 Nxf3 27. Rxf3 Ba6 28. dxc5 bxc5 29. Nxc5 Be2 30. Rh3 Bh5
31. Ne6+ Kf6 32. Nf4 Rg8 33. Nxd5+ Kg7 34. Rg3 Kh6 35. Nf6 Rd8 36. Nxh5 Rd2+ 37. Kf3 Rxb2 38. Rg2 Rxg2 39. Kxg2 gxh5 40. Kg3 Kg5
41. c4 Kf6 42. Kf4 Ke6 43. a3 h4 44. a4 h3 45. Kg3 Kd6 46. Kxh3 Kc5 47. Kg3 Kxc4 48. Kf4 Kb4 49. Kxf5 Kxa4 50. e4 Kb5
51. Kf6 a5 52. e5 a4 53. e6 a3 54. e7 Kb4 55. e8=Q a2 56. Qb8+ Ka3 57. Ke6 a1=Q 58. Qa7+ Kb2 59. Qxa1+ Kxa1
1/2-1/2

[Event "BADIJ    BAGIJ    I"]
[Site "SchemingMind.com"]
[Date "2018.03.10"]
[Round "-"]
[White "Timaeus"]
[Black "grabapawn"]
[Result "0-1"]
[WhiteCountry "JPN"]
[BlackCountry "USA"]
[WhiteElo "1345"]
[WhiteRD "81"]
[BlackElo "1545"]
[BlackRD "52"]
[GameID "425644"]

1. d4 d6 2. Bf4 Nf6 3. e3 Nbd7 4. Bc4 e5 5. dxe5 dxe5 6. Bg3 c6 7. Ne2 Be7 8. O-O Qc7 9. Nd4 Bd6 10. Nf5 Nd5
11. Bxd5 cxd5 12. Qxd5 O-O 13. Nxd6 a5 14. Bxe5 Nxe5 15. Qxe5 Bd7 16. Rd1 Rad8 17. Nc3 Bc6 18. Nxf7 Rxd1+ 19. Rxd1 Qxf7 20. Qxa5 Qxf2+
21. Kh1 Qxg2#
0-1

[Event "BADIJ    BAGIJ    I"]
[Site "SchemingMind.com"]
[Date "2018.03.08"]
[Round "-"]
[White "grabapawn"]
[Black "Scooter"]
[Result "0-1"]
[WhiteCountry "USA"]
[BlackCountry "USA"]
[WhiteElo "1545"]
[WhiteRD "52"]
[BlackElo "1679"]
[BlackRD "56"]
[GameID "425645"]

1. d4 Nf6 2. Bf4 g6 3. e3 Bg7 4. Nc3 O-O 5. h4 c6 6. Bd3 d5 7. f3 Re8 8. g4 Nbd7 9. Qe2 e5 10. Bg5 Qb6
11. O-O-O exd4 12. Na4 Qb4 13. h5 Qxa4 14. hxg6 fxg6 15. Qh2 Qxa2 16. e4 dxe4 17. fxe4 Qa1+ 18. Kd2 Qa5+ 19. Kc1 Qxg5+ 20. Kb1 Ne5
21. Be2 Bxg4 22. Nh3 Bxh3 23. Qxh3 Qe3 24. Qg2 Qxe4 25. Qxe4 Nxe4 26. Rxd4 Ng3 27. Rh2 Nxe2 28. Rxe2 Nf3 29. Rxe8+ Rxe8 30. Rd7 Re5
31. Rxb7 Nd2+ 32. Kc1 Bh6 33. Rb8+ Kf7 34. Kd1 Bf4 35. Rb7+ Re7
0-1

[Event "BADIJ    BAGIJ    I"]
[Site "SchemingMind.com"]
[Date "2018.03.08"]
[Round "-"]
[White "Scooter"]
[Black "grabapawn"]
[Result "1-0"]
[WhiteCountry "USA"]
[BlackCountry "USA"]
[WhiteElo "1679"]
[WhiteRD "56"]
[BlackElo "1545"]
[BlackRD "52"]
[GameID "425646"]

1. d4 d6 2. Nf3 Nf6 3. Bf4 Nbd7 4. e3 h6 5. h3 g5 6. Bg3 g4 7. hxg4 Nxg4 8. Nbd2 Ndf6 9. Qe2 Bf5 10. O-O-O Qd7
11. Nh2 Qc6 12. Qc4 Qb6 13. Qb5+ c6 14. Qxf5 Rg8 15. Nc4 Qc7 16. Nxg4 Nxg4 17. Be2 Nf6 18. Nxd6+ exd6 19. Qxf6 Rg6 20. Qf4 O-O-O
21. Bh5 Rg7 22. Bg4+ Kb8 23. Rxh6 b5 24. Rdh1 a5 25. Bf3 Kb7 26. Rh7 Rd7 27. Rxg7 Bxg7 28. Bg4 Rd8 29. Rh7 f6 30. Qf5 Bh8
31. Rxc7+ Kxc7 32. Qh7+ Kb6 33. Bxd6
1-0